| 000 | 00655nam a2200217Ia 4500 | ||
|---|---|---|---|
| 008 | 191130s2005##################000#0#eng## | ||
| 020 | _a9780764544194 | ||
| 022 | _a2004011940 | ||
| 040 |
_aACL _cACL |
||
| 082 | _a641.82 CRO | ||
| 100 | _aCrocker, Betty | ||
| 245 |
_aBetty Crocker one-dish meals : casseroles, skillet meals, stir-fries, and more for easy, everyday dinners _cBetty Crocker |
||
| 260 |
_aHoboken, NJ _bWiley Pub _cc2005 |
||
| 300 | _a335 p. ; 26 cm | ||
| 500 | _aIncludes index | ||
| 650 | _aCasserole cooking | ||
| 650 | _aOne-dish meals | ||
| 990 | _a91b9cbd9ac10000c5cb87e23e1f9c3e2 | ||
| 991 | _a330574 | ||
| 999 |
_c114532 _d114532 |
||